Минералогия и типоморфные комплексы элементов-примесей контактово-метасоматических и гидротермальных образований золоторудного поля Тардан (Восточно-Тувинское нагорье): диссертация на соискание ученой степени кандидата геолого-минералогических наук; спец. 04.00.08

Manylion Llyfryddiaeth
Prif Awdur: Мацюшевский А. В.
Awdur Corfforaethol: Томский политехнический институт
Awduron Eraill: Кузьмин А. М. Алексей Михайлович (научный руководитель)
Iaith:Rwseg
Cyhoeddwyd: Томск, 1972
Pynciau:
Fformat: Llyfr
KOHA link:https://koha.lib.tpu.ru/cgi-bin/koha/opac-detail.pl?biblionumber=130164

MARC

LEADER 00000nbm0a2200000 4500
001 130164
005 20231101220226.0
035 |a (RuTPU)RU\TPU\book\140966 
090 |a 130164 
100 |a 20080131d1972 k y0rusy50 ca 
101 0 |a rus 
102 |a RU 
105 |a a m 001zy 
200 1 |a Минералогия и типоморфные комплексы элементов-примесей контактово-метасоматических и гидротермальных образований золоторудного поля Тардан (Восточно-Тувинское нагорье)  |e диссертация на соискание ученой степени кандидата геолого-минералогических наук  |e спец. 04.00.08  |f А. В. Мацюшевский  |g Томский политехнический институт ; науч. рук. А. М. Кузьмин 
210 |a Томск  |d 1972 
215 |a 240 л.  |c ил. 
320 |a Библиогр.: с. 225-240. 
606 1 |a Благороднометалльное оруденение  |2 stltpush  |3 (RuTPU)RU\TPU\subj\73846  |9 86592 
610 1 |a золоторудные поля 
610 1 |a гидротермальные образования 
610 1 |a типоморфные свойства 
610 1 |a элементы-примеси 
610 1 |a контактовые месторождения 
610 1 |a метасоматические образования 
610 1 |a минералогия 
610 1 |a геохимия 
610 1 |a золото 
610 1 |a породы 
610 1 |a минералы 
610 1 |a спектральные исследования 
610 1 |a минералотермометрия 
610 1 |a генезис 
610 1 |a изучение 
610 1 |a диссертации 
610 1 |a труды учёных ТПУ 
675 |a 553.41(04)  |v 4 
686 |a 04.00.08  |2 oksvnk 
700 1 |a Мацюшевский  |b А. В. 
702 1 |a Кузьмин  |b А. М.  |c российский геолог  |c профессор Томского политехнического института  |f 1891-1980  |g Алексей Михайлович  |2 stltpush  |3 (RuTPU)RU\TPU\pers\13901  |4 727 
712 0 2 |a Томский политехнический институт  |z 1944-1991  |2 stltpush  |3 (RuTPU)RU\TPU\col\1123 
801 1 |a RU  |b 63413507  |c 20080131  |g PSBO 
801 2 |a RU  |b 63413507  |c 20210121  |g RCR 
942 |c BK